00829nam a2200193 a 450000100100000000500170001000800410002704000250006808200160009311000850010924501050019426000370029930000270033650500980036370000340046104900090049595201140050499900170061800003156720250502073820.0110627s1997 dr a 000 0 spa d aDO-SdBNPbspacBNPHU axxxxbR426c1 aRepública Dominicana.bOficina Nacional de Administración y Personal 92639810aCenso de servidores público :bmanual del entrevistador /cpresentación Raymundo Amaro Gúzman. a[Santo Domingo :bGente,c1997]. a41 p. :bil. ;c20 cm.0 tBoleta censal (FORM. CSP-01)tHoja adicional (Form. CSP-01-1)tHoja de resumen (Form. CSP-02)12aAmaro Guzmán, Raymundo9656 aBNPD 0010718PDaPDbPDcCTd2011-06-27iLF1l0oxxxx R426cp31567-10r2020-06-25w2020-06-25yLFPDZNo se presta c31059d31059